000 00299 a2200157 4500
001 169191
020 _a
040 _cMagnum
100 _aBentham, Jeremy
240 1 0 _aO panoptico
_lpor
245 1 0 _aO panoptico
362 0 _a1899
440 1 _aAutĂȘntica
697 _aGERAL
942 _cBK
999 _c169191
_d169191